000
00320nam a2200133Ia 4500
008
191201s2012 xx 000 0 und d
082
_a
510
_b
SAI
100
_a
SASTRY,SS
245
0
_a
Introductory methods of numerical Analysis
250
_a
5th
260
_c
2012
_b
PHI
_a
NEW DELHI
300
_a
450
942
_2
ddc
_c
BK
_0
1
999
_c
7769
_d
7769